00651cam a22002171 4500001001300000003000400013005001700017008004100034010001700075035002000092040002000112042001200132043001200144050002400156100003000180245009000210260005500300300001900355504003100374650002800405ne 63000228 DLC20260227111741.0940328s1960 ua b 000 0 ara  ane 63000228  a(OCoLC)30304203 aDLCcNNC-LdDLC apremarc af-ua---00aKRM1040b.Y963 19601 aYūnus, ʻAlī Ḥasan.13aal-Wasīṭ fī al-sharikāt al-tijārīyah,ctaʼlīf ʻAlī Ḥasan Yūnus. a[al-Qāhirah]bDār al-Fikr al-ʻArabī,c1960. a638 p.c24 cm. aBibliographical footnotes. 0aCorporation lawzEgypt.